| 000 | 00640cam a22001937a 4500 | ||
|---|---|---|---|
| 008 | 180718b1935 xxu||||| |||| 00| 0 eng d | ||
| 082 | _aB5x47 W384 | ||
| 100 | _aSidney | ||
| 245 |
_aSoviet communism:a new civilisation _cby Sidney and Beatrice Webb |
||
| 250 | _a3rd | ||
| 260 |
_aLondon _bLongmans _c1935 |
||
| 300 | _alii, 1007p | ||
| 650 | _aSoviet Union --Social conditions. | ||
| 650 | _aSoviet Union --Administrative and political divisions | ||
| 650 | _aSoviet Union --Politics and government --1917-1936 | ||
| 650 | _aCommunism --Soviet Union | ||
| 650 | _aRussia (1923- U.S.S.R.).x Constitution | ||
| 700 | _aWebb, Beatrice | ||
| 999 |
_c421807 _d421807 |
||